000 00591nam a2200145Ia 4500
003 GCL
008 140319s9999 xx 000 0 ara d
040 _aGCL /
_cGCL
082 0 4 _a811
_bم ت
100 1 _aموفق الدين عبد الله عمر الانصا
245 1 0 _aتحسين مقصودة ابن دريد الازدنى فى رثاء الامام ابى عبدالله الحسين بن على عليهماالسلام /
_cموفق الدين عبد الله عمر الانصا
260 _a[S.N] :
_bدار الكتاب اللبنانى ،
_c1977
300 _a359
490 _a
999 _c52467
_d52467